000 01083nas a2200325 4500
001 BR2020000804
003 BR-BrBNA
005 20231205132111.0
007 ta
008 230509b bl.|||p| |||| 00| 00por d
040 _aBR-BrBNA
_bpor
_cBiblioteca Nacional de Agricultura
041 _a(Pt)
072 _aF50
100 1 _aWeber, F. de S.
100 1 _aLisboa, G. dos S.
100 1 _aUberti, G.M.
100 1 _aLonghi, S.J.
100 1 _aStepka, T.F.
100 1 _aKervald, L.A.
100 1 _aMiranda, D.L.C. de
245 1 _aDinâmica e estrutura da espécie Dicksonia sellowiana Hook. em remanescente de floresta ombrófila mista
650 _aPTERIDÓFITA
650 _aFLORESTA
650 _aESTRUTURA VEGETAL
773 0 _tNativa. Pesquisas Agrárias e Ambientais (Brazil)
_xISSN 2318-7670
_g(Jul-Sep 2015), v. 3(3) p. 171-178
_wBR2020000804
856 4 0 _uhttps://periodicoscientificos.ufmt.br/ojs/index.php/nativa/article/view/2537/pdf
856 4 0 _dLink DSPACE/MAPA BR2020000804
909 _a202311
_bLúcia
_c55
_dLúcia Elande
942 _2AGRIS
_n0
_cANA
999 _c258468
_d258468